Aussenwirtschaftslehre Theorie und Politik
Na minha lista:
| Autor principal: | |
|---|---|
| Formato: | Livro |
| Idioma: | alemão |
| Publicado em: |
Wiesbaden
Gabler
1987
|
| Edição: | 3. verb. und erw. Aufl. |
| Assuntos: | |
| Tags: |
Sem tags, seja o primeiro a adicionar uma tag!
|
MARC
| LEADER | 00000nam a2200000 4500 | ||
|---|---|---|---|
| 001 | c000020 | ||
| 005 | 20221219111658.0 | ||
| 020 | |a 3-409-63905-9 | ||
| 041 | 0 | |a ger | |
| 044 | |a DE | ||
| 245 | 1 | 0 | |a Aussenwirtschaftslehre |b Theorie und Politik |c Manfred Borchert |
| 250 | |a 3. verb. und erw. Aufl. | ||
| 264 | 1 | |a Wiesbaden |b Gabler |c 1987 | |
| 300 | |a 342 s. | ||
| 610 | 2 | 0 | |a vzťahy hospodárske medzinárodné |
| 610 | 2 | 0 | |a obchod zahraničný |
| 610 | 2 | 0 | |a bilancia platobná |
| 610 | 2 | 0 | |a teória peňažná |
| 610 | 2 | 0 | |a monetarizmus |
| 610 | 2 | 0 | |a trh devízový |
| 610 | 2 | 0 | |a kapitál |
| 610 | 2 | 0 | |a clá |
| 100 | 1 | |a Borchert, Manfred | |